<?xml version="1.0" encoding="UTF-8"?><?xml-stylesheet type="text/xsl" href="static/style.xsl"?><OAI-PMH xmlns="http://www.openarchives.org/OAI/2.0/" xmlns:xsi="http://www.w3.org/2001/XMLSchema-instance" xsi:schemaLocation="http://www.openarchives.org/OAI/2.0/ http://www.openarchives.org/OAI/2.0/OAI-PMH.xsd"><responseDate>2026-04-13T05:42:42Z</responseDate><request verb="GetRecord" identifier="oai:www.recercat.cat:2117/89547" metadataPrefix="marc">https://recercat.cat/oai/request</request><GetRecord><record><header><identifier>oai:recercat.cat:2117/89547</identifier><datestamp>2025-07-17T15:54:15Z</datestamp><setSpec>com_2072_1033</setSpec><setSpec>col_2072_452951</setSpec></header><metadata><record xmlns="http://www.loc.gov/MARC21/slim" xmlns:dcterms="http://purl.org/dc/terms/" xmlns:xsi="http://www.w3.org/2001/XMLSchema-instance" xmlns:doc="http://www.lyncode.com/xoai" xsi:schemaLocation="http://www.loc.gov/MARC21/slim http://www.loc.gov/standards/marcxml/schema/MARC21slim.xsd">
   <leader>00925njm 22002777a 4500</leader>
   <datafield ind2=" " ind1=" " tag="042">
      <subfield code="a">dc</subfield>
   </datafield>
   <datafield ind2=" " ind1=" " tag="720">
      <subfield code="a">Fernández Barranco, Valentín</subfield>
      <subfield code="e">author</subfield>
   </datafield>
   <datafield ind2=" " ind1=" " tag="260">
      <subfield code="c">2016-07</subfield>
   </datafield>
   <datafield ind2=" " ind1=" " tag="520">
      <subfield code="a">El presente proyecto trata el cálculo, diseño y verificación de un elevador de embarcaciones náuticas implementado en el mismo muelle. Inicialmente se decide a qué tipo de embarcaciones se quiere destinar el uso de la estructura. Mediante un estudio de campo realizado con los datos obtenidos de la Federación Española de Puertos Deportivos y Turísticos, y del puerto deportivo Port Ginesta, se opta por el diseño de un elevador para veleros con una eslora de hasta 12 m, aproximadamente. A partir de la instrucción de Acero Estructural y de la instrucción IAP, se calculan las acciones que afectan a la estructura, creando unas combinaciones para las diferentes cargas que se aplican. Ya que no se destina el uso del elevador a un único modelo de embarcación, es interesante proponer un mecanismo de apoyo que permita adaptar las superficies de contacto del elevador a una gran variedad de formas del casco. Para ello se recurre a otros trabajos académicos, los cuales permiten realizar el cálculo del número de puntales necesarios para varar la embarcación. Una vez conocidas las cargas que afectan a la estructura y el método de apoyo, se procede al dimensionamiento de la misma acudiendo al uso del programa informático Autodesk Robot Structural Analysis. Mediante un proceso iterativo, se obtiene un modelo de elevador que cumple con los requisitos estructurales. Debido a que la estructura debe ser dotada de un mecanismo de elevación, se estudia la potencia necesaria para elevar la parte móvil de la estructura junto a la embarcación, con el objetivo de elegir los motores eléctricos necesarios para ello. Por último, se realiza un pequeño presupuesto aproximado del coste de construcción de la estructura completa.</subfield>
   </datafield>
   <datafield tag="653" ind2=" " ind1=" ">
      <subfield code="a">Àrees temàtiques de la UPC::Nàutica::Enginyeria naval</subfield>
   </datafield>
   <datafield tag="653" ind2=" " ind1=" ">
      <subfield code="a">Àrees temàtiques de la UPC::Nàutica::Infraestructures portuàries</subfield>
   </datafield>
   <datafield tag="653" ind2=" " ind1=" ">
      <subfield code="a">Hoisting machinery</subfield>
   </datafield>
   <datafield tag="653" ind2=" " ind1=" ">
      <subfield code="a">Cranes, derricks, etc.</subfield>
   </datafield>
   <datafield tag="653" ind2=" " ind1=" ">
      <subfield code="a">Elevador</subfield>
   </datafield>
   <datafield tag="653" ind2=" " ind1=" ">
      <subfield code="a">Embarcaciones</subfield>
   </datafield>
   <datafield tag="653" ind2=" " ind1=" ">
      <subfield code="a">Náuticas</subfield>
   </datafield>
   <datafield tag="653" ind2=" " ind1=" ">
      <subfield code="a">Varada</subfield>
   </datafield>
   <datafield tag="653" ind2=" " ind1=" ">
      <subfield code="a">Velero</subfield>
   </datafield>
   <datafield tag="653" ind2=" " ind1=" ">
      <subfield code="a">Grúa</subfield>
   </datafield>
   <datafield tag="653" ind2=" " ind1=" ">
      <subfield code="a">Grues, càbries, etc.</subfield>
   </datafield>
   <datafield tag="653" ind2=" " ind1=" ">
      <subfield code="a">Maquinària elevadora</subfield>
   </datafield>
   <datafield tag="653" ind2=" " ind1=" ">
      <subfield code="a">Ports -- Grues, càbries, etc.</subfield>
   </datafield>
   <datafield tag="653" ind2=" " ind1=" ">
      <subfield code="a">Marina seca -- Grues, càbries, etc.</subfield>
   </datafield>
   <datafield ind2="0" ind1="0" tag="245">
      <subfield code="a">Diseño y cálculo de un elevador de embarcaciones náuticas</subfield>
   </datafield>
</record></metadata></record></GetRecord></OAI-PMH>